Sports Quiz

Random Sports or Football Quiz
Score 0/18 Timer 04:00
0 Plays Today
% Correct
Cristiano Ronaldo
97.7%
Javier Hernandez
92.6%
Sergio Aguero
90.1%
Edson Arantes do Nascimento
85.7%
Franz Beckenbauer
83.2%
Fernando Torres
81%
George Best
78.7%
Iker Casillas
75%
Givanildo Vieira de Sousa
74.9%
% Correct
Roberto Baggio
74.6%
Ole Gunnar Solskjær
72.1%
Oliver Kahn
71.3%
Lionel Messi
69.6%
Andoni Goikoetxea
62.1%
Stuart Pearce
54.7%
Tomáš Rosický
51.6%
Cesar Azpilicueta
48.8%
Philipp Lahm
43%
Come Together.
Have Fun.
All Virtual.
We all need to come together. Play Sporcle's virtual live trivia to have fun, connect with people, and get your trivia on. Join a live hosted trivia game for your favorite pub trivia experience done virtually. If a virtual private party is more your thing, go here for details.

You're not logged in!

Compare scores with friends on all Sporcle quizzes.
OR
Log In

Sporcle TV

Today on Sporcle TV


Watch our educational content, quiz creation guides, and fun videos on Sporcle TV.

Show Comments

Extras

Top Quizzes Today


Score Distribution

Paid Content

Your Account Isn't Verified!

In order to create a playlist on Sporcle, you need to verify the email address you used during registration. Go to your Sporcle Settings to finish the process.

Report this User

Report this user for behavior that violates our Community Guidelines.

Details: